Longs métrages Pixar par personnages - Statistiques

Statistiques générales
  • Ce quiz a été pris 514 fois
  • Le résultat moyen est 12 sur 20
Statistiques - réponses
Personnages Films % Correct
Woody, Buzz l'Éclair, Rex Toy Story
100%
Anton Ego, Alfredo Linguini, Rémy Ratatouille
96%
Flash McQueen, Martin, Filmore Cars
93%
Bruce, Gill, Dory Le Monde de Nemo
90%
Riley Andersen, Bing Bong, Tristesse Vice-versa
90%
Frozone, Edna Mode, Elastigirl Les Indestructibles
86%
Ernesto de la Cruz, Dante, Miguel Rivera Coco
79%
Russell, Doug, Carl Fredricksen Là-Haut
77%
Reine Elinor, Lord Macintosh, Mérida Rebelle
72%
Sully, Bouh, Léon Monstres et Cie
70%
Capitaine B. McCrea, EVE, AUTO WALL-E
66%
Flam Lumen, Flack Delamare, Alizée Cumulus Élémentaire
47%
Alberto Scorfano, Giulia, Ercole Visconti Luca
42%
22, conseiller Michel B, Joe Gardner Soul
30%
Tilt, Le Borgne, Princesse Atta 1001 pattes
29%
Meilin Lee, Tyler, Abby Alerte Rouge
28%
Ian Lightfoot, Barley Lightfoot, Corey En avant
24%
Hank, Destinée, Bailey Le Monde de Dory
24%
Spot, Butch, Pervis Le Voyage d'Arlo
12%
Izzy Hawthorne, Darby Steel, Sox Buzz l'Éclair
10%
Aucun quiz correspondant
Distribution des résultats
% des personnes avec chaque résultat
Percentile par nombre de réponses
Votre historique - résultats
Vous n’avez pas pris ce quiz